000 01342nam0a22003011 4500
001 rc\330752
005 20250621041028.0
010 _a5-7610-0308-2
_930000
035 _a(NLR Aleph) 005566188
090 _a5963486
_c5963485
100 _a20030307d1989 |||y0rusy50 ca
101 0 _arus
102 _aRU
105 _aa |||||||||
200 1 _aПетр II и Анна Иоанновна
_eИз записок князя П.В. Долгорукова
210 _aВолгоград
_cНиж.-Волж. кн. изд-во
_d1989
215 _a511 с.
_cил.
_d27
300 _aЗагл. пер.: Вокруг трона
423 0 _12001#$aПереворот 1762 года$eСоч. и переписка участников и современников
_tПереворот 1762 года
423 0 _12001#$aВокруг трона$eРепринт. воспроизведение изд. 1909, 1910 гг.$fК. Валишевский
_1700#1$aВалишевский$bК.
_tВокруг трона
_aВалишевский, К.
600 0 _aПетр
_dII
_cимп.
_2psbo
600 0 _aАнна Иоанновна
_cимп.
_2psbo
700 1 _aДолгоруков
_bП.В.
_f1816-1868
_gПетр Владимирович
801 0 _aRU
_bNLR
_gpsbo
801 1 _aRU
_bELAR
_2rusmarc
852 _aNLR
_j89-7/1557
942 _cBOOK
980 _aNB